<?xml version="1.0" encoding="UTF-8"?>
<marc:record xmlns:marc="http://www.loc.gov/MARC21/slim">
   <marc:leader>00000nam a2200000 a 4500</marc:leader>
   <marc:datafield ind1="1" ind2=" " tag="100">
      <marc:subfield code="a">Cordier, Michelle</marc:subfield>
      <marc:subfield code="4">aut</marc:subfield>
      <marc:subfield code="e">Verfasser/-in</marc:subfield>
   </marc:datafield>
   <marc:datafield ind1="0" ind2="0" tag="245">
      <marc:subfield code="a">Die Toten von Paris</marc:subfield>
   </marc:datafield>
   <marc:datafield ind1="0" ind2="0" tag="245">
      <marc:subfield code="b">Kriminalroman</marc:subfield>
   </marc:datafield>
   <marc:datafield ind1="0" ind2="0" tag="245">
      <marc:subfield code="c">Michelle Cordier</marc:subfield>
   </marc:datafield>
   <marc:datafield ind1=" " ind2="1" tag="264">
      <marc:subfield code="a">Bergisch Gladbach</marc:subfield>
      <marc:subfield code="b">Bastei Lübbe</marc:subfield>
      <marc:subfield code="c">2018</marc:subfield>
   </marc:datafield>
   <marc:datafield ind1="1" ind2=" " tag="520">
      <marc:subfield code="a">Paris 1944. Jean Ricolet ? ein junger Inspektor aus dem Süden Frankreichs ? wird nach der Befreiung nach Paris versetzt. Er soll der Form halber den Mord an einem Nazi untersuchen, der für die Verteilung der Raubkunst zuständig gewesen ist. Im Zuge seiner Ermittlungen sucht Ricolet die Kunststudentin Pauline Drucat auf, die für die Nazis als Expertin arbeiten musste, doch gleichzeitig eine Spionin der Résistance war. Gemeinsam beginnen sie und Ricolet der Spur des Mörders zu folgen. Und schnell erhärtet sich ihr Verdacht, dass von der Verteilung der Raubkunst nicht nur die deutschen Besatzer profitierten ...</marc:subfield>
   </marc:datafield>
   <marc:datafield ind1=" " ind2=" " tag="020">
      <marc:subfield code="a">9783404176847</marc:subfield>
      <marc:subfield code="9">9783404176847</marc:subfield>
   </marc:datafield>
   <marc:datafield ind1=" " ind2=" " tag="041">
      <marc:subfield code="a">ger</marc:subfield>
   </marc:datafield>
   <marc:datafield ind1=" " ind2=" " tag="300">
      <marc:subfield code="a">333 S.</marc:subfield>
   </marc:datafield>
</marc:record>
